000 00510nam a2200181 i 4500
001 bg
100 1 _aWOJTOWICZ, Ryszard
245 0 _aZarys ergonomii technicznej /
_cRyszard Wojtowicz.
250 _aWyd.2.
260 _aWarszawa,
_c1978.
650 9 _aErgonomia
655 _aPodręczniki akademickie
040 _cBPK
041 _apol
942 _cKS
008 s pl f |000 0 pol
856 _uhttp://koha.tu.koszalin.pl/cgi-bin/koha/opac-detail.pl?biblionumber=776
_yKatalog online BPK
999 _c776
_d776